| 000 | 00658nam a22001937a 4500 | ||
|---|---|---|---|
| 005 | 20251108164804.0 | ||
| 008 | 250721s1993 xx 000 0 ara d | ||
| 082 | 1 | 4 | _a810.4/فصو |
| 100 | 1 |
_aعطوان، حسين _eتحرير |
|
| 245 | 1 | 0 | _aفصول أدبية و تاريخية لمجموعة من العلماء و الأدباء مهداة إلى ناصرالدين الأسد / |
| 264 | 1 |
_aبيروت : _bدار الجيل، _c1993. |
|
| 300 | _a511ص | ||
| 650 | 1 | 7 | _aالأدب العربي |
| 650 | 1 | 7 | _aالمقالات الأدبية |
| 650 | 1 | 7 | _aالعرب |
| 650 | 1 | 7 | _aالتاريخ الأدبي |
| 942 |
_2ddc _cBK |
||
| 999 |
_c14394 _d14394 |
||